Lesná ťažba

Bibliographic Details
Main Authors: Škapa, Miroslav (Author), Foit, Jiří (Author), Pôbiš, Jozef (Author), Valovič, Rudolf (Author, Translator)
Format: Book
Language:Slovak
PhysicalDescription:312 s., 24,21 AH Zb. Fot. Sch. 25 cm
Published: Bratislava Príroda 1988
Edition:1. vyd.
Series:Lesníctvo

MARC

LEADER 00000nam a2200000 a 4500
001 vtls001121818
003 SK-MaSNL
005 20260302020218.0
008 250414s1988 xo 0 slo
015 |a SNBA1988/08 
035 |a SNK000064661 
040 |a SNK  |b slo  |c SNK  |e AACR2 
041 0 |a slo 
044 |a xo  |c SK 
080 |a 630 3(075.3)  |2 1981 
100 1 |a Škapa, Miroslav  |4 aut  |9 662871 
245 1 0 |a Lesná ťažba  |c Miroslav Škapa, Jiří Foit ; Jozef Pôbiš, Rudolf Valovič, Rudolf Valovič, Kristína Vozáková 
250 |a 1. vyd. 
260 |a Bratislava  |b Príroda  |c 1988  |e Banská Bystrica  |f Tlačiarne SNP 
300 |a 312 s., 24,21 AH  |b Zb. Fot. Sch.  |c 25 cm 
366 |e 1300 výtl. 
490 0 |a Lesníctvo 
500 |a Lit. 30. Reg. Schválilo MŠ SSR pre 3. a 4. roč. štud. odb. lesníctvo. 30 zázn. v slov. a češ. 
700 1 |a Foit, Jiří  |4 aut  |9 306403 
700 1 |a Pôbiš, Jozef  |4 aut  |9 306404 
700 1 |a Valovič, Rudolf  |4 aut  |9 662872 
700 1 |a Valovič, Rudolf  |4 trl  |9 662872 
700 1 |a Vozáková, Kristína  |4 bkd  |9 344559 
852 |a Slovenská národná knižnica 
958 |a OND 
958 |a NB 
958 |a CZ 
958 |a UC 
958 |a TL 
999 |c 1024255  |d 1026185 
952 |a SNK  |b SNK  |y VYP  |7 0  |p 17A1021150  |o snkSC 72007 D1  |i snkKSP 5705/88  |0 0  |1 0  |4 0  |d 2013-01-14  |l 0  |r 2026-02-24 13:34:21  |w 2026-02-24